300 Biggest Cities in the World - Statistics

General Stats
  • This quiz has been taken 281 times
  • The average score is 177 of 300
Answer Stats
Country City % Correct
China Beijing
97%
Turkey Istanbul
96%
Russia Moscow
96%
China Shanghai
96%
Japan Tokyo
96%
United Kingdom London
95%
the Philippines Manila
95%
Egypt Cairo
94%
Mexico Mexico City
94%
India Mumbai
94%
India New Delhi
94%
United States of America New York City
94%
Brazil Rio de Janeiro
94%
South Korea Seoul
94%
Peru Lima
93%
Russia Saint Petersburg
93%
Turkey Ankara
92%
Iraq Baghdad
92%
Thailand Bangkok
92%
Indonesia Jakarta
92%
United States of America Los Angeles
92%
Brazil Sao Paulo
92%
Australia Sydney
92%
Germany Berlin
91%
Colombia Bogota
91%
Illinois Chicago
91%
Bangladesh Dhaka
91%
Singapore Singapore
90%
Iran Tehran
90%
Vietnam Hanoi
89%
Vietnam Ho Chi Minh City
89%
Pakistan Karachi
89%
Nigeria Lagos
89%
Italy Rome
89%
South Africa Johannesburg
88%
Ukraine Kiev
88%
Democratic Republic of the Congo Kinshasa
88%
Japan Osaka
88%
Saudi Arabia Riyadh
88%
Taiwan Taipei
88%
Ontario Toronto
88%
Egypt Alexandria
87%
Argentina Buenos Aires
87%
South Africa Cape Town
87%
Pakistan Lahore
87%
Australia Melbourne
87%
Spain Madrid
86%
Italy Milan
86%
Algeria Algiers
85%
China Guangzhou
85%
China Hong Kong
85%
Sudan Khartoum
85%
France Paris
85%
Spain Barcelona
84%
Morocco Casablanca
84%
India Kolkata
84%
Hungary Budapest
83%
Venezuela Caracas
83%
United States of America Houston
83%
Germany Munich
83%
Ecuador Quito
83%
Yemen Sana'a
83%
Jordan Amman
82%
Cuba Havana
82%
Kenya Nairobi
82%
Australia Perth
82%
India Bangalore
81%
Romania Bucharest
81%
Germany Hamburg
81%
Afghanistan Kabul
81%
Italy Naples
81%
South Africa Pretoria
81%
Chile Santiago
81%
Ethiopia Addis Ababa
80%
Azerbaijan Baku
80%
United States of America Dallas
80%
Syria Damascus
80%
Tanzania Dar Es Salaam
80%
Mexico Guadalajara
80%
Canada Montreal
80%
Czech Republic Prague
80%
Ghana Accra
79%
Brazil Brasilia
79%
Australia Brisbane
79%
India Chennai
79%
Bolivia La Paz
79%
Angola Luanda
79%
United States of America Philadelphia
79%
North Korea Pyongyang
79%
Sweden Stockholm
79%
Libya Tripoli
79%
Austria Vienna
79%
Poland Warsaw
79%
China Wuhan
79%
Guatemala Guatemala City
78%
Malaysia Kuala Lumpur
78%
Belarus Minsk
78%
Morocco Rabat
78%
Tunisia Tunis
78%
Brazil Belo Horizonte
77%
United Kingdom Birmingham
77%
Denmark Copenhagen
77%
India | Pakistan Hyderabad
77%
Bulgaria Sofia
77%
China Xi'an
77%
Zimbabwe Harare
76%
Saudi Arabia Mecca
76%
Lebanon Beirut
75%
South Korea Busan
75%
China Chengdu
75%
Somalia Mogadishu
75%
Cambodia Phnom Penh
75%
Haiti Port-au-Prince
75%
Dominican Republic Santo Domingo
75%
China Tianjin
75%
Turkey Izmir
74%
India Ahmedabad
73%
Senegal Dakar
73%
Saudi Arabia Jeddah
73%
Lusaka Lusaka
73%
Myanmar Yangon
73%
Serbia Belgrade
72%
South Africa Durban
72%
Mexico Monterrey
72%
Japan Nagoya
72%
Brazil Recife
72%
Uzbekistan Tashkent
72%
Cameroon Yaounde
72%
Colombia Medellin
71%
Uruguay Montevideo
71%
Georgia Tbilisi
71%
Ivory Coast Abidjan
70%
Republic of the Congo Brazzaville
70%
Nicaragua Managua
70%
Armenia Yerevan
70%
Brazil Salvador
69%
United States of America San Diego
69%
Colombia Cali
68%
Mozambique Maputo
68%
Australia Adelaide
67%
Syria Aleppo
67%
United States of America Phoenix
67%
Brazil Porto Alegre
67%
India Pune
67%
Japan Sapporo
67%
China Harbin
66%
Japan Hiroshima
66%
Sierra Leone Freetown
65%
Nigeria Kano
65%
Kazakhstan Almaty
64%
Bangladesh Chittagong
64%
China Hangzhou
64%
China Shenzhen
64%
Honduras Tegucigalpa
64%
Brazil Fortaleza
63%
China Nanjing
63%
Indonesia Surabaya
63%
Ecuador Guayaquil
62%
India Jaipur
62%
Ukraine Kharkiv
62%
United States of America San Antonio
62%
Japan Fukuoka
61%
Japan Kyoto
61%
Brazil Manaus
61%
Ukraine Odessa
61%
Pakistan Faisalabad
60%
China Shenyang
60%
Indonesia Bandung
59%
Guinea Conakry
59%
Russia Nizhny Novgorod
59%
China Urumqi
59%
China Changsha
58%
India Lucknow
58%
Saudi Arabia Medina
58%
India Surat
58%
Mexico Tijuana
58%
Japan Yokohama
58%
India Agra
57%
Brazil Curitiba
57%
China Dalian
56%
Ukraine Donetsk
56%
Iran Isfahan
56%
China Qingdao
56%
Russia Volgograd
56%
Argentina Cordoba
55%
South Korea Daegu
54%
Iran Mashhad
54%
Colombia Medan
54%
Russia Rostov on Don
54%
Cameroon Douala
53%
Russia Novosibirsk
53%
Brazil Belem
52%
Nigeria Ibadan
52%
China Kunming
52%
Mexico Puebla
52%
Venezuela Valencia
52%
China Zhengzhou
52%
Russia Kazan
51%
Venezuela Maracaibo
51%
Colombia Barranquilla
50%
China Hefei
50%
India Kanpur
50%
Japan Kobe
50%
Turkey Bursa
49%
China Fuzhou
49%
Iraq Mosul
49%
India Nagpur
49%
India Indore
48%
China Nanning
48%
Pakistan Rawalpindi
48%
Brazil Campinas
46%
Russia Ufa
46%
Nigeria Port Harcourt
45%
Russia Samara
45%
Ukraine Dnipropetrovsk
44%
Egypt Giza
43%
Argentina Rosario
43%
Mexico Leon
42%
Russia Omsk
42%
Bolivia Santa Cruz
42%
South Korea Incheon
41%
China Jinan
41%
Iran Shiraz
41%
Russia Perm
40%
Russia Chelyabinsk
39%
Democratic Republic of the Congo Lubumbashi
39%
India Patna
39%
Taiwan Kaohsiung
38%
Pakistan Peshawar
38%
Turkey Adana
37%
India Bhopal
37%
China Changchun
37%
Mexico Ciudad Juarez
36%
Brazil Goiania
36%
China Zibo
36%
China Lanzhou
35%
China Wuxi
35%
Nigeria Benin City
34%
Iran Tabriz
34%
China Taiyuan
34%
China Suzhou
33%
Libya Benghazi
31%
China Nanchang
30%
India Varanasi
30%
Pakistan Gujranwala
29%
China Guiyang
28%
Pakistan Multan
28%
Japan Sendai
28%
China Anshan
27%
Taiwan Taichung
27%
Indonesia Makassar
25%
Indonesia Semarang
25%
China Xuzhou
25%
China Tangshan
24%
China Foshan
23%
India Vadodara
23%
Indonesia Palembang
22%
Nigeria Kaduna
21%
China Changzhou
20%
China Jilin
20%
South Korea Gwangju
19%
Japan Kitakyushu
19%
Japan Kawasaki
18%
India Allahabad
17%
Venezuela Barquisimeto
17%
India Nashik
17%
Sudan Omdurman
17%
India Rajkot
17%
India Amritsar
16%
India Ludhiana
16%
China Luoyang
16%
China Baotou
15%
Iraq Basrah
14%
Vietnam Haiphong
14%
South Africa Soweto
14%
Mexico Ecatepec
13%
Mexico Mexicali
13%
Russia Ekaterinburg
12%
China Handan
12%
India Meerut
11%
Iraq Irbil
10%
India Ranchi
9%
China Datong
8%
Bangladesh Khulna
8%
Nigeria Maiduguri
8%
South Korea Ulsan
8%
South Korea Daejon
7%
Mexico Zapopan
7%
China Chongquin
6%
Brazil Guarulhos
6%
Mexico Nezahualcoyotl
4%
China Qiqihar
4%
Egypt Shubra El Kheima
3%
China Shiziahuang
2%
India Jodphur
1%
China Kowloon
1%
India Pimpri Chinchwad
1%
India Haora
0%
South Korea Seongnam
0%
No matching quizzes found
Score Distribution
Percent of People with Each Score
Percentile by Number Answered
Your Score History
You have not taken this quiz